| 000 | 00603nam a2200181Ia 4500 | ||
|---|---|---|---|
| 999 |
_c2715 _d2715 |
||
| 003 | DO-SdBJH | ||
| 005 | 20180416225536.0 | ||
| 008 | 180414s9999 dr 000 0 spa d | ||
| 040 |
_aDO-SdBJH _bspa _cDO-SdBJH |
||
| 090 | _aDM FM 6-30 1978 | ||
| 110 | _aEscuela de las Américas | ||
| 245 | 1 | 0 | _aFM 6-30 El observador de artillería de campaña / Escuela de las Américas |
| 260 | _aFuerte Benning, Georgia : Cuartel General Secretaría del Ejército, 1978 | ||
| 300 | _aii, 158 páginas en varias paginaciones | ||
| 504 | _aIncluye apéndices | ||
| 650 | 4 | _aManual -- Campaña | |
| 942 |
_2ddc _cBK |
||